Famous Reference Books - Statistics

General Stats
  • This quiz has been taken 171 times
  • The average score is 9 of 17
Answer Stats
Hint Answer % Correct
Oxford English __________ Dictionary
93%
________ World Records Guinness
89%
Merriam-_______ Dictionary Webster
88%
_____________ Britannica Encyclopaedia
87%
Gray’s _______ Anatomy
85%
Who’s ___ Who
79%
Roget’s ________ Thesaurus
66%
____ Richard’s Almanac Poor
52%
Rand _______ Road Atlas McNally
41%
______ Blue Book (car prices) Kelley
36%
Emily ____: Etiquette Post
36%
Bartlett’s Familiar __________ Quotations
31%
Strunk & White: The ________ of Style Elements
29%
______’s Rules of Order Robert
27%
___ World Factbook CIA
26%
_____’s Rules of Games Hoyle
21%
Ambrose Bierce: The _____’s Dictionary Devil
15%
No matching quizzes found
Score Distribution
Percent of People with Each Score
Percentile by Number Answered
Your Score History
You have not taken this quiz